000 00764cam a2200253 4500
008 090401t1989 xxu||||| |||| 00| 0 eng d
020 _a0070014752
035 _a(Sirsi) u27656
041 _aeng
050 _a333.3321
110 _aAmerican Society of Appraisers
_9308
245 _aApraising machinery and equipment.
260 _aNew York
_bMcGraw-Hill Publishing Company
_c1989
300 _axiii,209p. ; 23cm.
350 _a31.95
520 _aProduced by the Machinery and Equipment Textbook Committee of the American Society of Appraisers.
650 _aPLANT AND MACHINERY
650 _aUNITED STATES
650 _aValuation
_96273
690 _aRATING AND VALUATION
700 _aAlico, John
_xEditor
942 _n0
948 _c04/03/1997
999 _c89145
_d89145